Toàn tập truyện ngắn Nam Phong /
Bewaard in:
| Andere auteurs: | |
|---|---|
| Formaat: | Sách giấy |
| Taal: | Vietnamese |
| Gepubliceerd in: |
H. :
Văn học,
2012.
|
| Onderwerpen: | |
| Tags: |
Voeg label toe
Geen labels, Wees de eerste die dit record labelt!
|
| Thư viện lưu trữ: | Thư viện Trường Đại học Đà Lạt |
|---|
| LEADER | 00792nam a2200301 4500 | ||
|---|---|---|---|
| 001 | DLU120142376 | ||
| 005 | ##20121012 | ||
| 040 | # | # | |a DLU |b vie |
| 041 | # | # | |a vie |
| 044 | # | # | |a vn |
| 082 | # | # | |a 895.922 3 |b Toa |
| 245 | # | # | |a Toàn tập truyện ngắn Nam Phong / |c Nguyễn Đình Hảo tuyển chọn. |
| 260 | # | # | |a H. : |b Văn học, |c 2012. |
| 300 | # | # | |a 539 tr. ; |c 23 cm. |
| 650 | # | # | |a Truyện ngắn Việt Nam |y Thế kỷ 20. |
| 650 | # | # | |a Văn học Việt Nam |y Thế kỷ 20. |
| 700 | # | # | |a Nguyễn Đình Hảo, |c TS. |e tuyển chọn. |
| 923 | # | # | |a 05/2012 |
| 991 | # | # | |a SH |
| 992 | # | # | |a 130000 |
| 994 | # | # | |a DLU |
| 900 | # | # | |a True |
| 911 | # | # | |a Đào Thị Thu Huyền |
| 925 | # | # | |a G |
| 926 | # | # | |a A |
| 927 | # | # | |a SH |
| 980 | # | # | |a Thư viện Trường Đại học Đà Lạt |